000 01339nam a2200409 i 4500
001 26457
003 KOSZ 005
005 20200125075406.0
008 070110s1974 pl a f |000 0 pol
015 _aPB 1974/9028
035 _a(OCoLC)749970099
040 _aWA N
_cWA N
_dKOSZ 005/HR
046 _k1965
080 _a621.74
080 _a(07)
245 0 0 _aMały poradnik odlewnika :
_bpraca zbiorowa /
_c[aut. Władysław Chabowski et al.].
260 _aWarszawa :
_bWydawnictwa Naukowo-Techniczne,
_c1974.
300 _aVIII, 559, [1] s., [1] k. tabl. :
_bil. ;
_c23 cm.
336 _2rdacontent
_aTekst
_btxt
337 _2rdamedia
_aBez urządzenia pośredniczącego
_bn
338 _2rdacarrier
_aWolumin
_bnc
380 _aKsiążki
380 _aPublikacje fachowe
380 _aPublikacje dydaktyczne
385 _mPoziom nauczania
_aSzkoły zawodowe
388 _a1901-2000
388 _a1945-1989
504 _aBibliogr.
658 _aInżynieria i technika
650 4 _aOdlewnictwo
655 4 _aPraca zbiorowa
655 4 _aPoradnik
710 2 _aWydawnictwa Naukowo-Techniczne
_4pbl.
700 1 _aChabowski, Władysław
_eAutor
856 _uhttp://koha.tu.koszalin.pl/cgi-bin/koha/opac-detail.pl?biblionumber=26457
_yKatalog online BPK
942 _2UKD
_cKA
999 _c26457
_d26457